La Planche des Belles Filles au Tour de France - Statistiques

Statistiques générales
  • Ce quiz a été pris 16 fois
  • Le résultat moyen est 4 sur 5
Statistiques - réponses
Hint Réponse % Correct
MaillotEslovenia.PNG UAE Team Emirates Flag_of_Slovenia.svg Tadej Pogačar
100%
Sky Procycling Flag_of_the_United_Kingdom_%281-2%29.svg Christopher Froome
94%
MaillotItalia.svg Astana Pro Team Flag_of_Italy.svg Vincenzo Nibali
88%
MaillotItalia.svg Astana Pro Team Flag_of_Italy.svg Fabio Aru
75%
Bahrain Merida Flag_of_Belgium_%28civil%29.svg Dylan Teuns
56%
Aucun quiz correspondant
Distribution des résultats
% des personnes avec chaque résultat
Percentile par nombre de réponses
Votre historique - résultats
Vous n’avez pas pris ce quiz